000 00559nam a2200241Ia 4500
003 OSt
005 20221005123752.0
006 a|||||r|||| 00| 0
007 ta
008 221004b |||||||| |||| 00| 0 tel d
024 _a39839
037 _cTextual
040 _aCRL
_cCRL
_btel
041 _2tel
_atel
082 _aY15, 35M3
100 _aSubbamma
_9222592
245 0 _aMahila hu dayam
260 _c1983
300 _a86p.
_ccm.
650 _aWOMEN
942 _hY15, 35M3
_cTEXL
_2cc
999 _c1048413
_d1048413